000 00655cam a22002293a 4500
001 41128
003 PGUSA
005 20140828083927.0
008 121021s2012||||xxu|||||s|||||000 | eng d
040 _aPGUSA
_beng
042 _adc
100 1 _aBāṇa‏
245 1 4 _aThe Kādambarī of Bāṇa
_h[electronic resource] /
_cBāṇa‏
260 _bProject Gutenberg,
_c2012
506 _aPublic domain in the USA.
516 _aElectronic text
700 1 _aRidding, C. M.
_q(Caroline Mary),
_d1862-1941
740 0 _aThe Kadambari of Bana
830 0 _aProject Gutenberg
_v41128
856 4 0 _uhttp://www.gutenberg.org/ebooks/41128
942 _cEB
999 _c270380
_d270380